000 01098nam0a22002651 4500
001 rc\4671403
005 20260407091311.0
021 _aRU
_b[62-31183]
035 _a(NLR Aleph) 008702577
090 _a9308036
_c9308036
100 _a20130416d1962 |||y0rusy50 ca
101 0 _arus
102 _aRU
105 _ay z |||||
200 1 _aXX съезд КПСС, его решения и историческое значение
_eПособие для студентов-заочников
_fЦентросоюз. Новосиб. ин-т советской кооп. торговли. Кафедра истории КПСС, диалект. и ист. материализма
210 _aНовосибирск
_cБ. и.
_d1962
215 _a51 с.
_d20
601 0 2 _aКПСС
_xИстория
_z1953-1958
_jПособия заочные
_2psbo
700 1 _aПлешаков
_bП.В.
712 0 2 _aКПСС
_bСъезд
_d20
_f1956
_eМосква
_3RU\NLR\AUTH\8810048927
_9597918
801 0 _aRU
_bNLR
_gpsbo
801 1 _aRU
_bELAR
_2rusmarc
852 _aNLR
_j62-4/8111
942 _cBOOK
980 _aNB